| 000 | 00660nam a2200181 a 4500 | ||
|---|---|---|---|
| 001 | 000041018 | ||
| 005 | 20201002034544.0 | ||
| 008 | 130913s1982 sp 001 0 spa d | ||
| 020 | _a8400050088 | ||
| 040 |
_aDO-SdBNP _bspa _cBNPHU |
||
| 100 | 1 |
_aDíaz Dáaz, Gonzalo, _d1931- _967483 |
|
| 245 | 1 | 0 |
_aBibliografía Filosófica Hispánica : _b1901-1970 / _cGonzalo Díaz Díaz, Ceferino Santos Escudero. |
| 260 |
_aMadrid : _bConsejo Superior de Investigaciones Científicas, _c1982. |
||
| 300 |
_a1371 p. ; _c27 cm. |
||
| 500 | _aIncluye índice | ||
| 700 | 1 |
_aSantos Escudero, Ceferino _967484 |
|
| 710 | 2 |
_aConsejo Superior de Investigaciones Científicas _94786 |
|
| 999 |
_c40508 _d40508 |
||